Countries A-Z with the Lowest Peak Temperature - Statistics

General Stats
  • This quiz has been taken 55 times
  • The average score is 16 of 23
Answer Stats
Letter Peak temperature Country % Correct
I 30.5 °C (86.9 °F) Iceland
98%
F 37.2 °C (99.0 °F) Finland
96%
U 40.3 °C (104.5 °F) United Kingdom
92%
Z 42.4 °C (108.3 °F) Zambia
91%
J 41.1 °C (106.0 °F) Japan
87%
N 35.6 °C (96.1 °F) Norway
87%
O 51.6 °C (124.9 °F) Oman
87%
Q 50.4 °C (122.7 °F) Qatar
87%
D 36.4 °C (97.5 °F) Denmark
83%
E 35.6 °C (96.1 °F) Estonia
83%
H 41.9 °C (107.4 °F) Hungary
77%
V 36.2 °C (97.2 °F) Vanuatu
74%
K 43.6 °C (110.5 °F) Kyrgyzstan
70%
B 38.9 °C (102.0 °F) Belarus
64%
L 37.4 °C (99.3 °F) Liechtenstein
64%
R 44.5 °C (112.1 °F) Romania
64%
P 35.0 °C (95.0 °F) Palau
55%
G 40.1 °C (104.2 °F) Guyana
53%
T 35.5 °C (95.9 °F) Tonga
47%
S 35.3 °C (95.5 °F) Samoa
45%
A 34.9 °C (94.8 °F) Antigua and Barbuda
42%
C 36.0 °C (96.8 °F) Comoros
36%
M 34.9 °C (94.8 °F) Maldives
25%
No matching quizzes found
Score Distribution
Percent of People with Each Score
Percentile by Number Answered
Your Score History
You have not taken this quiz